Score 0/20 Timer 02:00
1 Play Today
Hint Missing Word % Correct
John F. _____Kennedy
95.2%
John _____Adams
92.6%
John _____Lennon
90.2%
John _____Travolta
88.8%
John Wilkes _____Booth
87.7%
John _____Deere
77.9%
John _____Doe
77.4%
John _____McCain
72.1%
John _____Denver
69.7%
John D. _____Rockefeller
63.7%
Hint Missing Word % Correct
John _____Mayer
58.9%
John _____Steinbeck
58.9%
John _____Wayne
52.8%
John _____Cleese
48%
John _____Williams
43.1%
John _____Grisham
42.3%
John _____Dillinger
34.8%
John J. _____Audubon
26.2%
John _____ Updike
18.7%
John _____Cho
14.4%

Today's Daily Dose

Remove Ads.
Support Sporcle.
Get the best of Sporcle when you Go Orange. This ad-free experience offers more features, more stats, and more fun while also helping to support Sporcle. Thank you for becoming a member.

You're not logged in!

Compare scores with friends on all Sporcle quizzes.
OR
Log In

Show Comments

Extras

Top Quizzes Today


Score Distribution

Your Account Isn't Verified!

In order to create a playlist on Sporcle, you need to verify the email address you used during registration. Go to your Sporcle Settings to finish the process.

Report this User

Report this user for behavior that violates our Community Guidelines.

Details: